000 00324nam a2200133Ia 4500
008 240126s9999 xx 000 0 und d
041 _aEnglish
245 0 _aDecision (2005 -
260 _bIndian Institute of Management.
_aKolkata
440 _aNULL
650 _aDecision,(2005,-
650 _aManagement
942 _cJN
999 _c264787
_d264787